Quel pays est le plus proche des départements français ? - Statistiques

Statistiques générales
  • Ce quiz a été pris 47 fois
  • Le résultat moyen est 65 sur 101
Statistiques - réponses
Départements Pays % Correct
Ain Suisse
100%
Alpes de Haute-Provence Italie/Monaco
91%
Aisne Belgique
89%
Hautes-Alpes Italie
89%
Alpes Maritimes Italie/Monaco
86%
Ardennes Belgique
83%
Ardèche Italie/Suisse
83%
Allier Suisse
83%
Ariège Espagne/Andorre
80%
Bouches du Rhône Italie/Monaco
77%
Calvados Royaume-Uni
77%
Cantal Andorre/Espagne/Suisse
74%
Corse du Sud Italie
74%
Haute Corse Italie
74%
Charente Espagne
71%
Charente-Maritime Espagne
71%
Dordogne Espagne
71%
Haute Garonne Espagne
71%
Gers Espagne
71%
Gironde Espagne
71%
Landes Espagne
71%
Aude Espagne/Andorre
71%
Hérault Espagne/Andorre
71%
Gard Espagne/Italie
71%
Corrèze Espagne/Suisse
71%
Finistère Royaume-Uni
71%
Cher Suisse
71%
Creuse Suisse
71%
Jura Suisse
71%
Loire Suisse
71%
Loir et Cher Belgique/Royaume-Uni/Suisse
69%
Aube Belgique/Suisse
69%
Aveyron Espagne/Andorre
69%
Drome Italie
69%
Côtes d'Armor Royaume-Uni
69%
Ille et Vilaine Royaume-Uni
69%
Indre Royaume-Uni/Suisse
69%
Côte d'Or Suisse
69%
Isère Suisse/Italie
69%
Haute-Loire Suisse/Italie
69%
Lozère Andorre/Espagne/Suisse/Italie
66%
Lot Espagne
66%
Lot et Garonne Espagne
66%
Loire-Atlantique Royaume-Uni
66%
Doubs Suisse
66%
Bas Rhin Allemagne
63%
Haut Rhin Allemagne
63%
Marne Belgique
63%
Nord Belgique
63%
Oise Belgique
63%
Meuse Belgique/Luxembourg
63%
Pyrénées Atlantiques Espagne
63%
Hautes Pyrénées Espagne
63%
Pyrénées Orientales Espagne/Andorre
63%
Meurthe et Moselle Luxembourg/Allemagne
63%
Moselle Luxembourg/Allemagne
63%
Eure Royaume-Uni
63%
Indre et Loire Royaume-Uni
63%
Maine et Loire Royaume-Uni
63%
Manche Royaume-Uni
63%
Mayenne Royaume-Uni
63%
Morbihan Royaume-Uni
63%
Eure et Loir Royaume-Uni/Belgique
63%
Pas de Calais Royaume-Uni/Belgique
63%
Nièvre Suisse
63%
Puy de Dôme Suisse
63%
Loiret Suisse/Belgique
63%
Haute Marne Suisse/Luxembourg/Belgique/Allemagne
63%
Paris Belgique
60%
Haute-Savoie Italie/Suisse
60%
Orne Royaume-Uni
60%
Seine Maritime Royaume-Uni/Belgique
60%
Rhône Suisse
60%
Haute Saône Suisse
60%
Saône et Loire Suisse
60%
Savoie Suisse/Italie
60%
Seine et Marne Belgique
57%
Yvelines Belgique/Royaume-Uni
57%
Sarthe Royaume-Uni
57%
Vosges Allemagne/Suisse
54%
Essone Belgique
54%
Hauts de Seine Belgique
54%
Seine Saint Denis Belgique
54%
Val de Marne Belgique
54%
Val d'Oise Belgique
54%
Somme Belgique/Royaume-Uni
54%
Tarn et Garonne Espagne
54%
Tarn Espagne/Andorre
54%
Haute Vienne Espagne/Suisse
54%
Vaucluse Italie
54%
Var Italie/Monaco
54%
Vendée Royaume-Uni
54%
Deux Sèvres Royaume-Uni/Espagne
54%
Vienne Royaume-Uni/Espagne/Suisse
54%
Territoire de Belfort Suisse
54%
Yonne Suisse/Belgique
54%
Guyane Brésil/Suriname
46%
Mayotte Comores
46%
Réunion Ile Maurice
37%
Guadeloupe Dominique/Antigua et Barbuda
34%
Martinique Dominique/Sainte-Lucie
34%
Aucun quiz correspondant
Distribution des résultats
% des personnes avec chaque résultat
Percentile par nombre de réponses
Votre historique - résultats
Vous n’avez pas pris ce quiz